000 00912nas a2200289 4500
001 BR2015006937
003 BR-BrBNA
005 20231205130007.0
007 ta
008 230509b bl.|||p| |||| 00| 00por d
040 _aBR-BrBNA
_bpor
_cBiblioteca Nacional de Agricultura
041 _a(En)
072 _aL74
100 1 _aEl-Aal, A.A.
100 1 _aEzzat, A.R.
245 1 _aEffects of three fractions obtained from naja haje venom on hemolysis and lipid metabolism in rabbits
650 _aCOELHO
650 _aCOBRA PECONHENTA
650 _aVENENO
650 _aCIENCIA ANIMAL
650 _aMETABOLISMO ANIMAL
650 _aANALISE
773 0 _tJournal of Venomous Animals and Toxins (Brazil)
_xISSN 1678-4936
_g(1997), v. 3(2) p. 311-323
_wBR2015006937
856 4 0 _uhttp://dx.doi.org/10.1590/S0104-79301997000200007
909 _a202311
_bLúcia
_c55
_dLúcia Elande
942 _2AGRIS
_n0
_cANA
999 _c247329
_d247329